00851 2200229 4500001002100000005001500021035002000036008004100056245004300097100001500140250000600155260003200161300002900193020002200222084001400244520019600258520012100454082000800575650001400583990001200597990001200609INLIS00000000000002020240430025540 a0010-0324000020240430 0 ind 1 aBuku Guru PJOK Kelas XII /cSoemaryoto aSoemaryoto a1 aJakarta :bKEMDIKBUD,c2018 a186 hlm ;c17 cm x 25 cm a978-602-427-134-3 a700 SOE p aPendidikan Jasmani, Olahraga, dan Kesehatan (PJOK) untuk Pendidikan Menengah Kelas XII yang disajikan dalam buku ini memuat aktivitas dan materi yang diperlukan untuk memberikan kesadaran itu atermasuk juga pengetahuan dan teknik yang diperlukan untuk menjaga dan meningkatkan kebugaran dan kesehatan jasmani. a700 4aNon Fiksi a0738588 a0738589